00752nam a2200253 a 4500001001300000003000900013005001700022008004100039020002300080082001800103100002000121245003800141260003600179300000900215500003500224505001000259650001800269650002700287700002000314902000800334942000700342952013400349999001500483nice12345678IN_TiNIC20260116013041.0050524s1989 newa grp 000 0 eng  a0147819 c19500a954.0317bBIP aBipan Chandra,  aIndia`s Dtruggle for Independence aNew DelhibPenguin Books c1989 a600p aincludes index and biblioraphy2 aIndex aIndia-History aIndia-Freedom Struggle1 aBipan Chandra,  bSRS cBK 001040708StackRoom-aHMIbHMId2007-04-04g195.00l1m1o954.0317 BIPp015334r2019-03-25s2017-12-20v195.00w2005-05-24yBK c9437d9437